| 000 | 00836nam a2200217 a 4500 | ||
|---|---|---|---|
| 003 | 0 | ||
| 005 | 20250609093237.0 | ||
| 008 | 021125s19uu xx 00 eng d | ||
| 050 |
_aPGS RM 666.H33 _b.M266 2000 |
||
| 100 | _aManalastas, Michelle C. | ||
| 245 |
_aThe perceived effects of noni juice to its users school year 1999-2000 / _cMichelle C. Manalastas. |
||
| 260 |
_aLas PiƱas City, Philippines : _bSouthville International School and Colleges, _c2000. |
||
| 300 |
_a27 pages : _billustrations ; _c28 cm. |
||
| 504 | _aIncludes bibliographical references. | ||
| 650 |
_aNoni juice _vTherapeutic use. |
||
| 650 |
_aHerbal medicine _vPublic opinion. |
||
| 650 |
_aMedicinal plants _vHealth aspects. |
||
| 650 |
_aDietary supplements _vHealth aspects. |
||
| 650 |
_aMorinda citrifolia _vTherapeutic use. |
||
| 942 |
_2lcc _cPASS |
||
| 999 |
_c96371 _d96371 |
||